| 000 | 00552nam a2200169 a 4500 | ||
|---|---|---|---|
| 008 | 120416s1973 ||||||||||||||||| || u | ||
| 020 | _a0135045630 | ||
| 050 | _aHG 4521 Dou | ||
| 100 | _aDougall, Herbert Edward | ||
| 245 | 1 | 0 | _aInvestments. (9th ed.) |
| 250 | _a9th ed. | ||
| 260 |
_aNew York: _bFT Prentice-Hall _c1973 |
||
| 300 | _axviii, 599p. : ill. | ||
| 350 | _a0.00 | ||
| 650 | _aINVESTMENTS | ||
| 995 |
_D0.00 _FCBU-MAIN LIBRARY (Kitwe) _H1 _I25.97 _UDAMAGED _ZMain Library Open Access Collection |
||
| 999 |
_c48333 _d48333 |
||